| 000 | 00547nab#a2200193#c#4500 | ||
|---|---|---|---|
| 999 |
_c87829 _d87829 |
||
| 003 | IEF | ||
| 005 | 20191205105159.0 | ||
| 008 | 950704s1976 uuu|| #####0 b| |u | ||
| 040 |
_aIEF _cES-MaIEF |
||
| 100 | 1 |
_aBaza Martínez, Felipe _94288 |
|
| 245 |
_aDictamen sobre la problemática contable de la empresa en España _c Felipe Baza Martínez |
||
| 260 | _c1976 | ||
| 650 | 4 |
_aEMPRESAS _943504 |
|
| 650 | 4 |
_aCONTABILIDAD _940740 |
|
| 773 | 0 |
_tHacienda pública española _w34570 _g39, p. 15-27 |
|
| 942 | _2udc | ||
| 942 | _2udc | ||